|
|
|
|
| LEADER |
00000nam0a2200000 4500 |
| 001 |
353431 |
| 005 |
20231102010607.0 |
| 035 |
|
|
|a (RuTPU)RU\TPU\retro\10688
|
| 035 |
|
|
|a RU\TPU\retro\10687
|
| 090 |
|
|
|a 353431
|
| 100 |
|
|
|a 20200424d1967 k y0rusy50 ca
|
| 101 |
0 |
|
|a rus
|
| 102 |
|
|
|a RU
|
| 105 |
|
|
|a b z 001zy
|
| 200 |
1 |
|
|a Вопросы геологии, методики поисков и разведки месторождений полезных ископаемых
|f Сибирский научно-исследовательский институт геологии, геофизики и минерального сырья (СНИИГГиМС) ; ред. Н. Н. Амшинский , П. Ф. Иванкин , Е. А. Пономарев
|
| 210 |
|
|
|a Новосибирск
|c Изд-во СНИИГГиМС
|d 1967
|
| 215 |
|
|
|c карты
|a 235 с.
|
| 225 |
1 |
|
|a Труды Сибирского научно-исследовательского института геологии, геофизики и минерального сырья (СНИИГГИМС)
|v Вып. 44
|
| 225 |
1 |
|
|a Поиски и разведка месторождений полезных ископаемых
|
| 320 |
|
|
|a Библиогр. в конце ст.
|
| 606 |
1 |
|
|a Месторождения полезных ископаемых
|x Геология
|2 stltpush
|3 (RuTPU)RU\TPU\subj\42231
|9 61918
|
| 610 |
1 |
|
|a поиски
|
| 610 |
1 |
|
|a разведка
|
| 610 |
1 |
|
|a рудные поля
|
| 610 |
1 |
|
|a петрология
|
| 610 |
1 |
|
|a гранитоиды
|
| 610 |
1 |
|
|a минералогия
|
| 610 |
1 |
|
|a геохимия
|
| 610 |
1 |
|
|a Кузнецкий Алатау
|
| 610 |
1 |
|
|a прогнозирование
|
| 610 |
1 |
|
|a геохимические исследования
|
| 675 |
|
|
|a 553
|v 3
|
| 702 |
|
1 |
|a Амшинский
|b Н. Н.
|4 340
|
| 702 |
|
1 |
|a Иванкин
|b П. Ф.
|4 340
|
| 702 |
|
1 |
|a Пономарев
|b Е. А.
|4 340
|
| 712 |
0 |
2 |
|a Сибирский научно-исследовательский институт геологии, геофизики и минерального сырья (СНИИГГиМС)
|c (Новосибирск)
|2 stltpush
|3 (RuTPU)RU\TPU\col\322
|
| 801 |
|
1 |
|a RU
|b 63413507
|c 20130123
|
| 801 |
|
2 |
|a RU
|b 63413507
|c 20200424
|g RCR
|
| 942 |
|
|
|c BK
|